CRF2 receptor agonists and nicotine withdrawal

Corticotropin-releasing factor (CRF) and the urocortins (Ucn1, Ucn2, and Ucn3) belong to the mammalian CRF family of peptides, having similar amino acidic structures but different pharmacological profiles. Their actions are mediated by two distinct receptors, CRF1 and CRF2. CRF and Ucn1 bind to both...

Teljes leírás

Elmentve itt :
Bibliográfiai részletek
Szerző: Bagosi Zsolt
Dokumentumtípus: Könyv része
Megjelent: Elsevier London 2019
Sorozat:Neuroscience of Nicotine: Mechanisms and Treatment
Tárgyszavak:
doi:10.1016/B978-0-12-813035-3.00027-7

mtmt:31854705
Online Access:http://publicatio.bibl.u-szeged.hu/37903
LEADER 01880naa a2200229 i 4500
001 publ37903
005 20251008105858.0
008 251008s2019 hu o 000 eng d
020 |a 9780128130360; 9780128130353 
024 7 |a 10.1016/B978-0-12-813035-3.00027-7  |2 doi 
024 7 |a 31854705  |2 mtmt 
040 |a SZTE Publicatio Repozitórium  |b hun 
041 |a eng 
100 1 |a Bagosi Zsolt 
245 1 0 |a CRF2 receptor agonists and nicotine withdrawal  |h [elektronikus dokumentum] /  |c  Bagosi Zsolt 
260 |a Elsevier  |b London  |c 2019 
300 |a 7 
300 |a 213-219 
490 0 |a Neuroscience of Nicotine: Mechanisms and Treatment 
520 3 |a Corticotropin-releasing factor (CRF) and the urocortins (Ucn1, Ucn2, and Ucn3) belong to the mammalian CRF family of peptides, having similar amino acidic structures but different pharmacological profiles. Their actions are mediated by two distinct receptors, CRF1 and CRF2. CRF and Ucn1 bind to both CRF receptors, whereas Ucn2 and Ucn3 bind selectively to CRF2. Several studies reported that the administration of selective CRF1 antagonists prevents the dysphoria and the reward deficit observed during nicotine withdrawal. Another study referred that the administration of nonselective CRF2 agonists, such as CRF and Ucn1, prevents the hyperphagia and the weight gain assessed during nicotine withdrawal. However, our study was the first to demonstrate that intracerebroventricular administration of Ucn2 and Ucn3 ameliorates the anxiety- and depression-like state developed during chronic nicotine treatment and consequent acute withdrawal, suggesting that the selective CRF2 agonists can be potential candidates in the therapy of nicotine withdrawal. © 2019 Elsevier Inc. All rights reserved. 
650 4 |a Klinikai orvostan 
856 4 0 |u http://publicatio.bibl.u-szeged.hu/37903/1/NeuroscienceofNicotineBagosi.pdf  |z Dokumentum-elérés